00249nam a2200109Ia 4500008004100000100001600041245002100057260002500078650001200103942000700115999001700122190216s9999||||xx |||||||||||||| ||und|| aMahajan V S 0aCommercial Essay bShailendra Prakashan aEnglish cBK c13097d13097